000 00621nam a22002297a 4500
003 UA-OsUOA
001 93742
007 ta
008 20130128b un ||||| |||| 00| 0 ukr d
100 _aВерфель Ф.
090 _a821.182.2
_bВ35
942 _cBK
040 _aUA-OsUOA
_brus
_cUA-OsUOA
_dUA-OsUOA
245 _aВерди
_bроман оперы
300 _a397 с.
955 _a3
041 _arus
080 _a821.182.2
260 _aМ.
_bХудожественная литература
_c1962
650 7 _a82 Література. Літературознавство
_2UDC
999 _c379985
_d379985